000 00604nam a2200229Ia 4500
003 OSt
005 20221005115609.0
006 a|||||r|||| 00| 0
007 ta
008 221004b |||||||| |||| 00| 0 eng d
024 _a62962
037 _cTextual
040 _aCRL
_cCRL
_beng
041 _2eng
_aeng
082 _aV218:2501:N2, F2
100 _aKrishna Rao G V
_9611513
245 0 _aChirala-Perals tragedy
_b An episode of voluntary exile
260 _c1922
650 _aHISTORY
942 _hV218:2501:N2, F2
_cTEXL
_2cc
999 _c1035317
_d1035317